000 00774nas a2200253 4500
001 BR0404449
003 BR-BrBNA
005 20231205104839.0
007 ta
008 230509b bl.|||p| |||| 00| 00por d
040 _aBR-BrBNA
_bpor
_cBiblioteca Nacional de Agricultura
041 _a(Pt)
072 _aE16
100 1 _aGasques, J.G.
245 1 _aLucros e perdas; breve análise sobre a renda das principais culturas no país, de 1989 a 2004
650 _aESTATÍSTICA DE PRODUÇÃO
650 _aRENTABILIDADE
650 _aTAXA
650 _aPRODUTIVIDADE
650 _aANÁLISE ECONÔMICA
773 0 _tAgroanalysis (Brazil)
_xISSN 0100-4298
_g(Jun 2004), v. 24(6) p. 52-54
_wBR0404449
909 _a202311
_bLúcia
_c55
_dLúcia Elande
942 _2AGRIS
_n0
_cANA
999 _c179954
_d179954